Die 25 höchsten Wasserfälle der Welt - Statistiken

Allgemein
  • Dieses Quiz wurde 36 mal gespielt
  • Das Durchschnittsergebnis liegt bei 3 aus 25
Antwortstatistiken
größte
Fallhöhe
Land (Ort) Wasserfall % Korrekt
979 m 🇻🇪 Angelfall /Kerepakupai Meru/ Salto Angel
71%
58 m 🍁 Kanada, 🇺🇸 Niagarafälle
71%
120 m 🇿🇼 🇿🇲 Victoriafälle
46%
23 m 🇨🇭 Rheinfall
42%
82 m 🇧🇷 🇦🇷 Iguacufälle
21%
948 m 🇿🇦 Tugelafall
13%
771 m 🇵🇪 (Bongara) Gocta Fälle/ Catarata Gocta
8%
739 m 🇺🇸 (Kalifornien) Yosemite Falls
8%
836 m 🇳🇿 Browne Falls
4%
783 m 🇺🇸 (Washington) Colonial Creek / Hiavaty Falls
4%
751 m 🇺🇸 (Washington) Johannesburg Falls
4%
479 m 🇿🇼 Mutarazi Falls
4%
900 m 🇺🇸 (Hawaii) Oloupena Falls
4%
470 m 🇩🇪 (Bayern) Röthenbachfall
4%
674 m 🇻🇪 Salto Kukenan
4%
585 m 🇨🇭 Seerenbachfälle
4%
914 m 🇵🇪 (Ayacucho) Tres Hermanas /Three Sisters
4%
860 m 🇳🇴 Vinnufossen
4%
870 m 🇵🇪 (Bongara) Yumbilla
4%
640 m 🇫🇷 (La Réunion) Cascade Blanche
0%
840 m 🍁 Kanada James Bruce Fall
0%
773 m 🇳🇴 Mongefossen
0%
865 m 🇳🇴 Skorge /Skorga
0%
725 m 🇫🇷 (La Réunion) Trou de Fer /Eisenloch
0%
715 m 🇻🇪 Yutajé
0%
Keine übereinstimmenden Quizze gefunden
Verteilung der Resultate
Anzahl Personen mit jedem Resultat
Perzentil nach korrekt beantworteten Fragen
Ihre Resultats-Entwicklung
Sie haben dieses Quiz noch nicht gespielt